[Event "Est ch 2020 G12"]
[Site "?"]
[Date "2020.01.26"]
[Round "8.3"]
[White "Shadrina, Eva"]
[Black "Dmitrijeva, Laura-Valeria"]
[Result "1-0"]
[WhiteElo "1559"]
[BlackElo "1005"]
[PlyCount "45"]
[SourceVersionDate "2020.01.30"]

1. e4 e5 2. Nf3 Nc6 3. d4 f6 4. d5 Bc5 5. dxc6 b6 6. cxd7+ Bxd7 7. Bc4 Nh6 8.
Bxh6 gxh6 9. Qd5 Qe7 10. Qxa8+ Qd8 11. Qd5 Qe7 12. O-O Qg7 13. Rd1 Bd6 14. Nc3
Rg8 15. Qxg8+ Qxg8 16. Bxg8 Kf8 17. Bd5 Bc5 18. Nh4 c6 19. Bc4 b5 20. Rxd7 Ke8
21. Rxh7 bxc4 22. Rd1 Kf8 23. Rd8# 1-0

[Event "Est ch 2020 G12"]
[Site "?"]
[Date "2020.01.26"]
[Round "8.4"]
[White "Karba, Kertu"]
[Black "Pritulina, Nadezhda"]
[Result "0-1"]
[WhiteElo "1158"]
[BlackElo "1345"]
[PlyCount "102"]
[SourceVersionDate "2020.01.30"]

1. e4 c5 2. Nf3 d6 3. Bc4 Nc6 4. c3 a6 5. O-O Nf6 6. Re1 e6 7. d4 b5 8. Bb3
cxd4 9. cxd4 Be7 10. a3 O-O 11. Nc3 Bb7 12. e5 dxe5 13. dxe5 Nd7 14. Bg5 Bxg5
15. Nxg5 Ndxe5 16. Qxd8 Raxd8 17. Nge4 Nd3 18. Re2 Nd4 19. Rd2 Nxb3 20. Rad1
Nxd2 21. Rxd2 Bxe4 22. Nxe4 Rc8 23. h3 Rfd8 24. b3 Ne5 25. Rxd8+ Rxd8 26. Kf1
f5 27. Ng5 Rd6 28. Ke2 h6 29. Nf3 Nxf3 30. gxf3 g5 31. Ke3 Rd5 32. a4 bxa4 33.
bxa4 Kf7 34. f4 Ke7 35. fxg5 hxg5 36. f3 Kd6 37. Kf2 Kc5 38. Kg3 Kb4 39. f4 g4
40. hxg4 fxg4 41. Kxg4 Kxa4 42. f5 Rxf5 43. Kg3 Kb4 44. Kh3 Rg5 45. Kh2 a5 46.
Kh3 a4 47. Kh4 Rg8 48. Kh3 a3 49. Kh2 a2 50. Kh3 a1=Q 51. Kh2 Qh8# 0-1

[Event "Est ch 2020 G12"]
[Site "?"]
[Date "2020.01.26"]
[Round "8.5"]
[White "Karba, Karoliina"]
[Black "Orlova, Sofija"]
[Result "0-1"]
[WhiteElo "1013"]
[BlackElo "1239"]
[PlyCount "108"]
[SourceVersionDate "2020.01.30"]

1. e4 d5 2. exd5 Qxd5 3. Nc3 Qd6 4. d4 Bf5 5. Nf3 Nf6 6. Bb5+ c6 7. Bd3 Bxd3 8.
Qxd3 e6 9. O-O h6 10. h3 Qc7 11. g3 Bd6 12. h4 Nbd7 13. Be3 O-O-O 14. Na4 g5
15. hxg5 hxg5 16. Bxg5 Bxg3 17. Bxf6 Nxf6 18. Kg2 Rdg8 19. Rfe1 Bh4+ 20. Kf1
Qf4 21. Ke2 Rd8 22. c3 e5 23. Nxe5 Qxf2+ 24. Kd1 Qxe1+ 25. Kc2 Qxa1 26. Nxf7
Rhg8 27. Nxd8 Qxa2 28. Qh3+ Kxd8 29. Qxh4 Qxa4+ 30. Kd3 Ke7 31. Qe1+ Kf7 32.
Qh4 c5 33. Qf2 cxd4 34. Qxd4 Qxd4+ 35. Kxd4 Rc8 36. b4 Ke7 37. c4 b6 38. c5
bxc5+ 39. bxc5 a5 40. Kc4 Nd7 41. c6 Rxc6+ 42. Kb5 Rc1 43. Kxa5 Rb1 44. Ka4 Kd6
45. Ka3 Kc5 46. Ka4 Kc4 47. Ka3 Kc5 48. Ka4 Ne5 49. Ka3 Kc4 50. Ka2 Rb8 51. Ka3
Nf3 52. Ka2 Kc3 53. Ka1 Kc2 54. Ka2 Ra8# 0-1

[Event "Est ch 2020 G12"]
[Site "?"]
[Date "2020.01.26"]
[Round "8.6"]
[White "Rüdiger, Maria Helena"]
[Black "Dukova, Sofia"]
[Result "0-1"]
[WhiteElo "1091"]
[BlackElo "1002"]
[PlyCount "116"]
[SourceVersionDate "2020.01.30"]

1. e4 e5 2. Nf3 Nc6 3. d4 exd4 4. Nxd4 Qe7 5. Nc3 Nf6 6. Nxc6 bxc6 7. Qf3 d5 8.
Bd3 Qe6 9. a3 c5 10. b3 a5 11. O-O Ba6 12. Bb2 Bd6 13. Rfe1 d4 14. Nd5 Qe5 15.
b4 Qxh2+ 16. Kf1 Bxd3+ 17. cxd3 axb4 18. axb4 Rxa1 19. Rxa1 O-O 20. g3 Nxd5 21.
Ke2 Bxg3 22. Rh1 Qxf2+ 23. Qxf2 Bxf2 24. Kxf2 Nxb4 25. Ke2 c4 26. dxc4 d3+ 27.
Kd2 Re8 28. Rg1 g6 29. Re1 h5 30. Bc3 c5 31. Re3 Rd8 32. Re1 Nc2 33. Rc1 Nb4
34. Bxb4 cxb4 35. Rb1 h4 36. Rxb4 h3 37. Rb1 Kg7 38. c5 h2 39. Rh1 Rh8 40. Kxd3
Kf8 41. Kd4 Ke8 42. Kc4 Kd7 43. Kb5 Kc7 44. e5 g5 45. c6 g4 46. e6 fxe6 47. Kc5
g3 48. Kd4 g2 49. Re1 g1=Q+ 50. Re3 Qd1+ 51. Rd3 Rd8+ 52. Ke5 Qxd3 53. Kxe6
Qe3+ 54. Kf7 Qb3+ 55. Ke7 Qe3+ 56. Kf7 Qf3+ 57. Ke7 Qf8+ 58. Ke6 h1=Q 0-1

[Event "Est ch 2020 U12"]
[Site "?"]
[Date "2020.01.23"]
[Round "1.1"]
[White "Leito, Erik"]
[Black "Köösel, Hans-Georg"]
[Result "0-1"]
[WhiteElo "1290"]
[BlackElo "1580"]
[PlyCount "64"]
[SourceVersionDate "2020.01.31"]

1. e4 e5 2. Nf3 Nc6 3. d4 exd4 4. Nxd4 Bc5 5. Be3 Qf6 6. c3 Nge7 7. Bc4 d6 8.
O-O O-O 9. Nxc6 Nxc6 10. Bxc5 dxc5 11. Re1 Rd8 12. Qh5 Ne5 13. Qe2 Qg6 14. f4
Bg4 15. Qf1 Nf3+ 16. Kh1 Nxe1 17. Bxf7+ Qxf7 18. h3 Nc2 19. hxg4 Nxa1 20. Na3
Rd7 21. Kh2 Rad8 22. Qf3 Qg6 23. Nc4 Qh6+ 24. Kg3 Rd3 25. Ne3 Nc2 26. Nxc2
Rxf3+ 27. gxf3 Rd2 28. g5 Qh2+ 29. Kg4 g6 30. Ne3 Qg1+ 31. Ng2 Rxg2+ 32. Kh4
Qh2# 0-1

[Event "Est ch 2020 U12"]
[Site "?"]
[Date "2020.01.23"]
[Round "1.2"]
[White "Dukov, Vladimir"]
[Black "Cherentsov, Mihhail"]
[Result "1/2-1/2"]
[WhiteElo "1570"]
[BlackElo "1274"]
[PlyCount "104"]
[SourceVersionDate "2020.01.31"]

1. e4 g6 2. d4 d6 3. c4 Bg7 4. Nf3 b6 5. Nc3 Bb7 6. g3 Nf6 7. Qc2 Nbd7 8. Bg2
e5 9. d5 O-O 10. O-O Nc5 11. b4 Ncd7 12. Be3 c6 13. dxc6 Bxc6 14. Rfd1 Qe7 15.
Qd2 Nxe4 16. Nxe4 Bxe4 17. Rac1 Nf6 18. Qxd6 Qb7 19. Nh4 Bxg2 20. Nxg2 Ng4 21.
Qd5 Qxd5 22. cxd5 Rfd8 23. d6 Rd7 24. h3 Nf6 25. Bg5 h6 26. Bxf6 Bxf6 27. Ne3
Rad8 28. Rc6 Bg7 29. b5 f5 30. Nc4 Kf7 31. Kg2 Ke6 32. Rc7 Bf8 33. Rc6 Bxd6 34.
a4 Ke7 35. Rd5 e4 36. f3 Bb8 37. fxe4 fxe4 38. Rxd7+ Rxd7 39. Rxg6 Rd4 40. Rc6
Rd3 41. Rxh6 Rxg3+ 42. Kf2 Rc3 43. Ne3 Ra3 44. Rh8 Bg3+ 45. Kxg3 Rxe3+ 46. Kf4
Ra3 47. Rh7+ Kd6 48. Rxa7 e3 49. Kf3 e2+ 50. Kxe2 Rxh3 51. Kd2 Kc5 52. Rg7 Kb4
1/2-1/2

[Event "Est ch 2020 U12"]
[Site "?"]
[Date "2020.01.23"]
[Round "1.3"]
[White "Lehes, Ott Oskar"]
[Black "Mertins, Ostap"]
[Result "0-1"]
[WhiteElo "1269"]
[BlackElo "1561"]
[PlyCount "80"]
[SourceVersionDate "2020.01.31"]

1. e4 c5 2. Nf3 d6 3. d4 cxd4 4. Nxd4 Nf6 5. Nc3 a6 6. Bg5 e6 7. Bd3 Be7 8. O-O
O-O 9. Qe2 Nbd7 10. Nf3 b6 11. e5 dxe5 12. Nxe5 Nxe5 13. Qxe5 Bb7 14. Rad1 Nd7
15. Bxe7 Nxe5 16. Bxd8 Rfxd8 17. Be4 Bxe4 18. Nxe4 h6 19. f4 Nc4 20. b3 Ne3 21.
Rxd8+ Rxd8 22. Rc1 Rd4 23. Nf2 Rxf4 24. Nd3 Rd4 25. Kf2 Nxc2 26. Rxc2 Rxd3 27.
Rc8+ Kh7 28. Ke2 Rd6 29. Rc7 Kg6 30. Ra7 b5 31. Ke3 f5 32. Kf4 Kf6 33. g4 g5+
34. Kf3 Rd3+ 35. Ke2 Rd6 36. gxf5 exf5 37. Ra8 f4 38. Rf8+ Ke5 39. Re8+ Kf5 40.
h3 Re6+ 0-1

[Event "Est ch 2020 U12"]
[Site "?"]
[Date "2020.01.23"]
[Round "1.4"]
[White "Rõtshagov, Anton"]
[Black "Rajandu, Aaron"]
[Result "0-1"]
[WhiteElo "1546"]
[BlackElo "1266"]
[PlyCount "60"]
[SourceVersionDate "2020.01.31"]

1. e4 c6 2. d4 d5 3. e5 c5 4. dxc5 e6 5. Be3 Nc6 6. Nf3 Qa5+ 7. c3 Bxc5 8. Bxc5
Qxc5 9. Nbd2 f6 10. Nb3 Qb6 11. exf6 Nxf6 12. Be2 O-O 13. O-O e5 14. Qc1 e4 15.
Nfd4 Nxd4 16. Nxd4 Ng4 17. h3 Ne5 18. Kh1 Nc6 19. Nxc6 bxc6 20. f3 Bf5 21. fxe4
Bxe4 22. Qd2 Rf2 23. Rg1 c5 24. Raf1 Qe6 25. Bg4 Bxg2+ 26. Rxg2 Rxf1+ 27. Kh2
Qe5+ 28. Rg3 Raf8 29. Kg2 Qe4+ 30. Bf3 R1xf3 0-1

[Event "Est ch 2020 U12"]
[Site "?"]
[Date "2020.01.23"]
[Round "1.5"]
[White "Lain, Sander"]
[Black "Sizov, Lev"]
[Result "1-0"]
[WhiteElo "1240"]
[BlackElo "1490"]
[PlyCount "121"]
[SourceVersionDate "2020.01.31"]

1. e4 c5 2. c4 Nc6 3. Nf3 Nf6 4. d3 e5 5. Be2 Be7 6. O-O O-O 7. Nc3 d6 8. b3
Bg4 9. Be3 Nd7 10. h3 Bxf3 11. Bxf3 Nd4 12. Bxd4 cxd4 13. Nd5 Bg5 14. Bg4 Nf6
15. Nxf6+ Qxf6 16. Qf3 Qxf3 17. Bxf3 g6 18. b4 b5 19. cxb5 Rab8 20. a4 Rfc8 21.
Bg4 Rc3 22. Rfd1 h5 23. Bd7 Rc2 24. Bc6 Bd2 25. g3 Rc8 26. h4 Rc7 27. Rab1 Bc3
28. a5 Ra2 29. a6 Ra4 30. Rdc1 Rxb4 31. Rxb4 Bxb4 32. Rc4 Bc5 33. Kg2 Bb6 34.
Bd5 Rc5 35. f3 Rxb5 36. Rc6 Rb2+ 37. Kh3 Rf2 38. Rxd6 Rxf3 39. Rxb6 Rxd3 40.
Rb8+ Kg7 41. Rb7 Ra3 42. Rxf7+ Kh8 43. Rxa7 d3 44. Ra8+ Kg7 45. a7 Kh7 46. Bg8+
Kg7 47. Bb3 Kh7 48. Rd8 Rxa7 49. Rxd3 Kg7 50. Rd5 Ra3 51. Bc4 Ra4 52. Bd3 Kh6
53. Rd6 Kg7 54. Bc2 Rb4 55. g4 Rb2 56. Bd3 Rb3 57. gxh5 gxh5 58. Kg2 Kf7 59.
Rd5 Ke6 60. Bc4 Rb2+ 61. Rd2+ 1-0

[Event "Est ch 2020 U12"]
[Site "?"]
[Date "2020.01.23"]
[Round "1.6"]
[White "Dudakov, Andrei"]
[Black "Gorkov, Kirill"]
[Result "1/2-1/2"]
[WhiteElo "1485"]
[BlackElo "1197"]
[PlyCount "73"]
[SourceVersionDate "2020.01.31"]

1. d4 d5 2. c4 e6 3. Nc3 Nf6 4. cxd5 exd5 5. Bg5 c6 6. e3 h6 7. Bf4 Bb4 8. Qc2
Nbd7 9. Nf3 O-O 10. Bd3 Re8 11. O-O Bxc3 12. bxc3 Ne4 13. Rae1 Ndf6 14. Be5 Bg4
15. Nd2 Nxd2 16. Qxd2 Nd7 17. Bf4 g5 18. Bg3 Qf6 19. Qc2 Qg7 20. Bf5 Bxf5 21.
Qxf5 Nb6 22. Rb1 Qg6 23. Qxg6+ fxg6 24. Rfc1 Re7 25. Bd6 Rd7 26. Bg3 Nc4 27.
Rd1 b5 28. Kf1 Rf8 29. Ke2 Kf7 30. Rb3 Ke6 31. Rdb1 h5 32. h3 Rdf7 33. Rf1 h4
34. Bh2 Re7 35. Rfb1 Ref7 36. Rf1 Re7 37. Rfb1 1/2-1/2

[Event "Est ch 2020 U12"]
[Site "?"]
[Date "2020.01.23"]
[Round "1.7"]
[White "Hajanen, Oliver"]
[Black "Pomaznjov, Aleksei"]
[Result "0-1"]
[WhiteElo "1173"]
[BlackElo "1435"]
[PlyCount "72"]
[SourceVersionDate "2020.01.31"]

1. e4 d5 2. exd5 Nf6 3. Nf3 Nxd5 4. d4 Nc6 5. Be2 Bf5 6. O-O e6 7. Bb5 Bd6 8.
Re1 O-O 9. c4 Ndb4 10. Na3 Qf6 11. Bxc6 Nxc6 12. Nc2 Qg6 13. Ne3 Be4 14. Bd2
Qh6 15. h3 Bxf3 16. Qxf3 Nxd4 17. Qe4 Qf4 18. Qxf4 Bxf4 19. Rac1 Rfd8 20. Red1
Ne2+ 21. Kf1 Nxc1 22. Rxc1 Rxd2 23. Rb1 Bxe3 24. fxe3 Rad8 25. Ke1 Rc2 26. b3
Rdd2 27. Rd1 Rxd1+ 28. Kxd1 Rxa2 29. g3 g5 30. Ke1 Kg7 31. Kf1 Kf6 32. g4 Ke5
33. c5 Ke4 34. c6 bxc6 35. h4 Kf3 36. hxg5 Ra1# 0-1

[Event "Est ch 2020 U12"]
[Site "?"]
[Date "2020.01.23"]
[Round "1.8"]
[White "East, Marek"]
[Black "Akulistõi, Andrei"]
[Result "1-0"]
[WhiteElo "1429"]
[BlackElo "1164"]
[PlyCount "93"]
[SourceVersionDate "2020.01.31"]

1. e4 e5 2. Nf3 Nc6 3. Nc3 Nf6 4. d4 exd4 5. Nxd4 Bb4 6. Nxc6 bxc6 7. Qd3 d5 8.
Bd2 Bxc3 9. Bxc3 O-O 10. e5 Nd7 11. O-O-O Qg5+ 12. Qd2 Qxd2+ 13. Rxd2 Re8 14.
f4 a5 15. h4 Ba6 16. Bxa6 Rxa6 17. h5 h6 18. g4 Nc5 19. Rg2 Ne4 20. Bd2 Nxd2
21. Kxd2 c5 22. g5 c4 23. Kc3 c5 24. Rhg1 Kh8 25. Rd1 Rd8 26. Rgd2 d4+ 27. Kxc4
Rc8 28. c3 Ra7 29. cxd4 cxd4+ 30. Kxd4 Rd7+ 31. Ke4 Rc4+ 32. Rd4 Rcxd4+ 33.
Rxd4 hxg5 34. Rxd7 g4 35. Rxf7 Kh7 36. f5 g3 37. Kf3 Kg8 38. e6 a4 39. b3 axb3
40. axb3 g6 41. b4 gxh5 42. Kxg3 h4+ 43. Kxh4 Kh8 44. b5 Kg8 45. b6 Kh8 46. b7
Kg8 47. b8=Q# 1-0

[Event "Est ch 2020 U12"]
[Site "?"]
[Date "2020.01.23"]
[Round "1.9"]
[White "Gridin, Maksim"]
[Black "Õim, Mikk Kaarel"]
[Result "0-1"]
[WhiteElo "1153"]
[BlackElo "1428"]
[PlyCount "92"]
[SourceVersionDate "2020.01.31"]

1. c4 e5 2. Nc3 Nf6 3. Nf3 d6 4. d4 exd4 5. Nxd4 Be7 6. e4 b6 7. f3 Bb7 8. Be2
O-O 9. O-O Re8 10. Be3 c6 11. Qd2 d5 12. b3 dxe4 13. fxe4 c5 14. Nc2 Qxd2 15.
Bxd2 Bxe4 16. Nxe4 Nxe4 17. Bf4 Nd7 18. Bf3 f5 19. Rfe1 Bf6 20. Rad1 Nf8 21.
Rd3 Rad8 22. Rxd8 Bxd8 23. g4 g6 24. Kg2 Kf7 25. gxf5 gxf5 26. Bh6 Ng6 27. a3
Nh4+ 28. Kh1 Nf2+ 29. Kg1 Nxf3+ 30. Kxf2 Nxe1 31. Nxe1 Bh4+ 32. Kf3 Rxe1 33. h3
Rb1 34. b4 cxb4 35. axb4 Rxb4 36. c5 bxc5 37. Be3 Rb3 38. Kf4 Bg5+ 39. Kxg5
Rxe3 40. h4 c4 41. Kh6 c3 42. Kg5 c2 43. Kh5 c1=Q 44. Kg5 Qg1+ 45. Kf4 Qg3+ 46.
Kxf5 Re5# 0-1

[Event "Est ch 2020 U12"]
[Site "?"]
[Date "2020.01.23"]
[Round "1.10"]
[White "Aleksejev, Artjom"]
[Black "Blohhin, Georg"]
[Result "0-1"]
[WhiteElo "1407"]
[BlackElo "1133"]
[PlyCount "107"]
[SourceVersionDate "2020.01.31"]

1. e4 c5 2. Nf3 e6 3. d4 cxd4 4. Nxd4 Nf6 5. Nc3 d6 6. Bg5 Be7 7. f4 O-O 8. Bb5
a6 9. Ba4 b5 10. e5 bxa4 11. exf6 Bxf6 12. Bxf6 Qxf6 13. O-O Bb7 14. Nxa4 Qg6
15. Nf3 Nc6 16. Qd2 e5 17. Rae1 Rad8 18. fxe5 dxe5 19. Qc3 e4 20. Ne5 Nxe5 21.
Qxe5 e3 22. Qg3 Rd2 23. Qxg6 hxg6 24. Rxe3 Rxg2+ 25. Kh1 Rg4+ 26. Rff3 Bxf3+
27. Rxf3 Rxa4 28. a3 g5 29. Kg2 g4 30. Rc3 Re8 31. Kf2 Rf4+ 32. Kg3 Rfe4 33.
Kf2 f5 34. b3 f4 35. a4 g3+ 36. hxg3 fxg3+ 37. Kxg3 Re1 38. Rc6 R8e3+ 39. Kg4
Kh7 40. a5 g6 41. Rxa6 Kh6 42. Rc6 Re8 43. Rc4 g5 44. Rc6+ R8e6 45. Rxe6+ Rxe6
46. c3 Re3 47. b4 Re4+ 48. Kf3 Rc4 49. b5 Rxc3+ 50. Kg4 Rc5 51. b6 Rxa5 52. b7
Rb5 53. b8=Q Rxb8 54. Kg3 0-1

[Event "Est ch 2020 U12"]
[Site "?"]
[Date "2020.01.23"]
[Round "1.11"]
[White "Kompus, Karl Erik"]
[Black "Kaldmaa, Janis"]
[Result "0-1"]
[WhiteElo "1128"]
[BlackElo "1400"]
[PlyCount "144"]
[SourceVersionDate "2020.01.31"]

1. e4 e5 2. Nf3 Nc6 3. Nc3 Nf6 4. Bb5 a6 5. Bxc6 dxc6 6. O-O Bg4 7. d3 g6 8.
Bg5 Bg7 9. h3 Be6 10. Nxe5 Qd6 11. Nf3 O-O 12. e5 Qe7 13. exf6 Bxf6 14. Ne4
Bxg5 15. Nfxg5 Bd7 16. Qf3 f5 17. Nc5 Qxc5 18. Qf4 Qxc2 19. Qxc7 Rfd8 20. Qd6
Qxb2 21. Qe7 Qg7 22. Rfe1 Re8 23. Qxg7+ Kxg7 24. Nf3 c5 25. Rab1 Bb5 26. d4
cxd4 27. Nxd4 Rxe1+ 28. Rxe1 Bc4 29. a3 b5 30. Re7+ Kh6 31. Re1 a5 32. Rc1 Ra6
33. a4 Rb6 34. axb5 Bd3 35. Rc6 Rxc6 36. bxc6 Ba6 37. c7 a4 38. Nc2 Kg7 39. Kh2
f4 40. g3 fxg3+ 41. fxg3 Kf6 42. h4 Ke7 43. Kh3 h5 44. g4 Bc8 45. Kg3 Bxg4 46.
Kf4 Kd7 47. Ke4 Kxc7 48. Kd4 Bf5 49. Ne3 a3 50. Kc3 a2 51. Kb2 Be6 52. Nc2 Kd6
53. Kc3 Ke5 54. Kd3 Bf5+ 55. Kc3 Bxc2 56. Kb2 Bb1 57. Ka1 Kf4 58. Kb2 Kg4 59.
Ka1 Kxh4 60. Kb2 Kg3 61. Ka1 h4 62. Kb2 h3 63. Kb3 a1=Q 64. Kb4 Qe5 65. Kc4 Qd6
66. Kb5 Qc7 67. Kb4 Qc6 68. Kb3 Bd3 69. Kb4 Qc4+ 70. Ka3 Qb5 71. Ka2 Qb4 72.
Ka1 Qa3# 0-1

[Event "Est ch 2020 U12"]
[Site "?"]
[Date "2020.01.23"]
[Round "1.12"]
[White "Pallum, Rasmus"]
[Black "Lillend, Fredi"]
[Result "1-0"]
[WhiteElo "1399"]
[BlackElo "1106"]
[PlyCount "91"]
[SourceVersionDate "2020.01.31"]

1. e4 e5 2. Nf3 Nc6 3. Bc4 Nf6 4. Ng5 d5 5. exd5 Nxd5 6. Qf3 Qxg5 7. Bxd5 Qf6
8. Qxf6 gxf6 9. Nc3 Nd4 10. Kd1 c6 11. Bb3 a5 12. d3 b5 13. a4 Bg4+ 14. Ke1 f5
15. f3 Bh5 16. axb5 cxb5 17. Nd5 O-O-O 18. Rxa5 Nxb3 19. Ra8+ Kd7 20. Nf6+ Ke7
21. Rxd8 Kxd8 22. cxb3 Bg6 23. f4 e4 24. dxe4 fxe4 25. g4 Bg7 26. Nd5 f5 27.
gxf5 Bxf5 28. Rg1 Bd4 29. Rg3 Kd7 30. Ne3 Bxe3 31. Bxe3 Ra8 32. Rg7+ Kd6 33.
Rb7 Ra1+ 34. Kf2 Ra2 35. Bd4 Kd5 36. Bc3 Kc6 37. Rf7 Bg6 38. Rf6+ Kd5 39. f5
Bh5 40. Rh6 Bd1 41. b4 Kc4 42. f6 Kd3 43. Rh3+ Kc4 44. f7 Ra8 45. Bg7 Kxb4 46.
f8=Q+ 1-0

[Event "Est ch 2020 U12"]
[Site "?"]
[Date "2020.01.23"]
[Round "1.13"]
[White "Kaletin, Artjom"]
[Black "Snitsarenko, Ilja"]
[Result "0-1"]
[WhiteElo "1101"]
[BlackElo "1385"]
[PlyCount "46"]
[SourceVersionDate "2020.01.31"]

1. e4 c5 2. Nf3 e6 3. d4 cxd4 4. Nxd4 a6 5. Nc3 Nc6 6. Nxc6 bxc6 7. Bd3 Bb7 8.
Ne2 d5 9. O-O Nf6 10. e5 Nd7 11. Bf4 Qc7 12. h4 Nxe5 13. Ng3 Bd6 14. Bxe5 Bxe5
15. c3 Bxg3 16. fxg3 Qb6+ 17. Kh2 c5 18. Bc2 O-O 19. Rb1 d4 20. Qd3 g6 21. h5
Qc6 22. Rg1 Qd5 23. hxg6 Qh5# 0-1

[Event "Est ch 2020 U12"]
[Site "?"]
[Date "2020.01.23"]
[Round "1.14"]
[White "Ott, Karl Eric"]
[Black "Jarts, Nikita"]
[Result "1-0"]
[WhiteElo "1380"]
[BlackElo "1082"]
[PlyCount "67"]
[SourceVersionDate "2020.01.31"]

1. e4 c5 2. Nf3 d6 3. d4 cxd4 4. Nxd4 Nf6 5. Nc3 a6 6. Bc4 e6 7. O-O Qc7 8. Bb3
Nc6 9. Bg5 Na5 10. Re1 Nxb3 11. cxb3 h6 12. Bxf6 gxf6 13. Rc1 Rg8 14. Nd5 Qd8
15. Nc7+ Ke7 16. Nxa8 e5 17. Nf3 Qd7 18. Rc7 Qxc7 19. Nxc7 Bh3 20. Nd5+ Ke6 21.
g3 h5 22. Ne3 Bh6 23. Qd5+ Ke7 24. Qxb7+ Bd7 25. Nf5+ Kd8 26. Nxh6 Rg6 27.
Nxf7+ Ke7 28. Nh4 Rg7 29. Nf5+ Kf8 30. Nxg7 Kxg7 31. Qxd7 Kg6 32. Nxd6 a5 33.
Qf7+ Kg5 34. Qg7# 1-0

[Event "Est ch 2020 U12"]
[Site "?"]
[Date "2020.01.23"]
[Round "1.15"]
[White "Tsõganov, Jaroslav"]
[Black "Karis, Fredi"]
[Result "0-1"]
[WhiteElo "1046"]
[BlackElo "1335"]
[PlyCount "60"]
[SourceVersionDate "2020.01.31"]

1. e4 c5 2. Nf3 Nc6 3. d4 cxd4 4. Nxd4 Nf6 5. Nc3 e5 6. Nxc6 bxc6 7. Be2 Bb4 8.
O-O Bxc3 9. bxc3 O-O 10. Ba3 Re8 11. f3 d5 12. Qe1 Be6 13. Rd1 Qa5 14. Bb4 Qb6+
15. Qf2 Qxf2+ 16. Rxf2 dxe4 17. Ba3 e3 18. Rff1 Nd5 19. Rd3 Bf5 20. Rdd1 Nxc3
21. Rde1 Nxa2 22. Bb2 Nb4 23. c3 Nd3 24. Bxd3 Bxd3 25. Rxe3 Bxf1 26. Kxf1 h6
27. c4 f6 28. Re4 Rab8 29. Bc3 Rb3 30. Ba5 Reb8 0-1

[Event "Est ch 2020 U12"]
[Site "?"]
[Date "2020.01.23"]
[Round "1.16"]
[White "Gasanbekov, Miroslav"]
[Black "Sai, Oskar"]
[Result "1-0"]
[WhiteElo "1299"]
[BlackElo "1015"]
[PlyCount "49"]
[SourceVersionDate "2020.01.31"]

1. Nf3 d5 2. d4 Nc6 3. c4 e6 4. e3 Nf6 5. Nc3 Bb4 6. a3 Bd6 7. b4 dxc4 8. Bxc4
e5 9. dxe5 Nxe5 10. Nxe5 Bxe5 11. Qxd8+ Kxd8 12. Bd2 Rf8 13. Rc1 b6 14. O-O Ng4
15. h3 Nh2 16. Rfd1 g5 17. e4 g4 18. Bf4+ Bd6 19. Bxh2 gxh3 20. Bxd6 cxd6 21.
Rxd6+ Ke7 22. Rc6 hxg2 23. Nd5+ Kd8 24. Rd6+ Bd7 25. Bb5 1-0

[Event "Est ch 2020 U12"]
[Site "?"]
[Date "2020.01.23"]
[Round "2.1"]
[White "Köösel, Hans-Georg"]
[Black "Snitsarenko, Ilja"]
[Result "1-0"]
[WhiteElo "1580"]
[BlackElo "1385"]
[PlyCount "119"]
[SourceVersionDate "2020.01.31"]

1. Nf3 c5 2. g3 d5 3. d4 b6 4. Bg2 Bb7 5. O-O Nf6 6. Nbd2 e6 7. e3 Nbd7 8. b3
Be7 9. Bb2 O-O 10. c4 h6 11. Rc1 a6 12. h3 b5 13. a3 Rc8 14. Qe2 Qb6 15. cxb5
axb5 16. g4 Ba6 17. dxc5 Rxc5 18. b4 Rxc1 19. Rxc1 Nh7 20. Nb3 Bb7 21. Rc2 Ng5
22. Nfd4 Rc8 23. Rxc8+ Bxc8 24. Qxb5 Qxb5 25. Nxb5 Nb6 26. Nd2 Bd7 27. Nd4 Bf6
28. f4 Nh7 29. Bf1 Na4 30. Ba1 g5 31. Nc2 Be7 32. Bd4 Bd6 33. fxg5 Nxg5 34. Bf6
e5 35. Bxg5 hxg5 36. Bg2 e4 37. Nd4 Kf8 38. Bf1 Be5 39. N2b3 Nc3 40. Nc5 Be8
41. Kf2 Na4 42. Nxa4 Bxa4 43. Bb5 Bxd4 44. Bxa4 Bb6 45. Bc6 d4 46. Bxe4 dxe3+
47. Ke2 Ke7 48. a4 Kd6 49. a5 Bd4 50. b5 Kc7 51. b6+ Bxb6 52. axb6+ Kxb6 53.
Kxe3 Kc7 54. Kd4 Kd6 55. Bd5 f6 56. Bg8 Kc6 57. Ke4 Kd6 58. Kf5 Ke7 59. Be6 Kd6
60. Kxf6 1-0

[Event "Est ch 2020 U12"]
[Site "?"]
[Date "2020.01.23"]
[Round "2.2"]
[White "Mertins, Ostap"]
[Black "Ott, Karl Eric"]
[Result "1-0"]
[WhiteElo "1561"]
[BlackElo "1380"]
[PlyCount "131"]
[SourceVersionDate "2020.01.31"]

1. e4 e5 2. Nf3 Nc6 3. d4 exd4 4. Nxd4 Bb4+ 5. c3 Bc5 6. Be3 Bb6 7. Bc4 d6 8.
O-O Nf6 9. Bb5 Bd7 10. Qa4 Nxd4 11. Bxd4 Bxd4 12. Bxd7+ Qxd7 13. Qxd4 O-O 14.
Nd2 Rfe8 15. Rfe1 b6 16. Rad1 c5 17. Qd3 Rad8 18. f3 Qc6 19. Nc4 d5 20. exd5
Rxd5 21. Qc2 Red8 22. Rxd5 Qxd5 23. Qb3 g6 24. Re7 Rd7 25. Rxd7 Nxd7 26. Qa4
Qe6 27. Kf2 a5 28. Ne3 Ne5 29. Qe4 f5 30. Qd5 Qxd5 31. Nxd5 Nd7 32. c4 Kf7 33.
b3 Ke6 34. Ke3 Ke5 35. g3 Ke6 36. g4 fxg4 37. fxg4 Nf6 38. Nxf6 Kxf6 39. Kf4
Ke6 40. h4 Kf6 41. Ke4 Ke6 42. Kf4 Kf6 43. Ke4 Ke6 44. a3 h6 45. Kf4 Kd6 46. h5
gxh5 47. gxh5 Ke6 48. Ke4 Kf6 49. Kd5 Kg5 50. Kc6 Kxh5 51. Kxb6 Kg5 52. Kxc5 h5
53. Kb6 h4 54. c5 h3 55. c6 h2 56. c7 h1=Q 57. c8=Q Qh6+ 58. Kxa5 Qd6 59. b4
Qd3 60. Qc5+ Kf6 61. b5 Qd2+ 62. Ka6 Qh2 63. b6 Qe2+ 64. Ka7 Qe8 65. Qd4+ Kf7
66. b7 1-0

[Event "Est ch 2020 U12"]
[Site "?"]
[Date "2020.01.23"]
[Round "2.3"]
[White "Pomaznjov, Aleksei"]
[Black "Karis, Fredi"]
[Result "1-0"]
[WhiteElo "1435"]
[BlackElo "1335"]
[PlyCount "45"]
[SourceVersionDate "2020.01.31"]

1. e4 c5 2. Nf3 Nc6 3. d4 cxd4 4. Nxd4 Nf6 5. Nc3 e5 6. Nb3 Bb4 7. Bd2 Bxc3 8.
Bxc3 Nxe4 9. Bxe5 Nxf2 10. Kxf2 Nxe5 11. Qd6 Qb6+ 12. Qxb6 axb6 13. Bb5 Ra7 14.
Rhe1 f6 15. a4 O-O 16. Rad1 Nc6 17. Re3 Na5 18. Rde1 Nxb3 19. Bc4+ Kh8 20. Re8
g6 21. Rxf8+ Kg7 22. Rg8+ Kh6 23. Bxb3 1-0

[Event "Est ch 2020 U12"]
[Site "?"]
[Date "2020.01.23"]
[Round "2.4"]
[White "Rajandu, Aaron"]
[Black "East, Marek"]
[Result "1-0"]
[WhiteElo "1266"]
[BlackElo "1429"]
[PlyCount "89"]
[SourceVersionDate "2020.01.31"]

1. d4 d5 2. c4 e6 3. Nc3 Nf6 4. Bg5 h6 5. Bh4 Bb4 6. a3 Bxc3+ 7. bxc3 g5 8. Bg3
Ne4 9. Qc2 h5 10. f3 h4 11. Bxh4 Nd6 12. c5 Rxh4 13. cxd6 Qxd6 14. g3 Rh8 15.
Bg2 Rxh2 16. Kf2 Rxh1 17. Bxh1 Nd7 18. Qh7 Qf8 19. Qh5 Qg7 20. Nh3 g4 21. Qxg4
Qh7 22. Qh4 Qc2 23. Ng5 Qg6 24. Rc1 Nf6 25. Bg2 Bd7 26. Rh1 O-O-O 27. Qh6 Qxh6
28. Rxh6 Ng8 29. Rh8 f6 30. Nf7 Rf8 31. Nh6 e5 32. Rxg8 Rxg8 33. Nxg8 exd4 34.
cxd4 f5 35. Bh3 b6 36. Ne7+ Kb7 37. Bxf5 Bxf5 38. Nxf5 c5 39. g4 b5 40. dxc5 a5
41. g5 b4 42. axb4 a4 43. Nd4 Kc8 44. g6 a3 45. g7 1-0

[Event "Est ch 2020 U12"]
[Site "?"]
[Date "2020.01.23"]
[Round "2.5"]
[White "Õim, Mikk Kaarel"]
[Black "Gasanbekov, Miroslav"]
[Result "1-0"]
[WhiteElo "1428"]
[BlackElo "1299"]
[PlyCount "79"]
[SourceVersionDate "2020.01.31"]

1. e4 c5 2. Nf3 Nc6 3. d4 cxd4 4. Nxd4 e5 5. Nb5 a6 6. N5a3 Nf6 7. Bg5 b5 8. c4
Qa5+ 9. Bd2 Bb4 10. Bd3 Bxd2+ 11. Nxd2 b4 12. Nc2 Bb7 13. O-O O-O 14. Ne3 Ne7
15. Nd5 Nexd5 16. cxd5 Qb6 17. Nc4 Qd4 18. Re1 Rac8 19. Nd6 Rc7 20. Nxb7 Rxb7
21. Bxa6 Qxd1 22. Raxd1 Rb6 23. Bc4 d6 24. Rc1 h6 25. Bb3 Rd8 26. f3 Nh5 27. g3
Rf8 28. Rc2 f5 29. Rec1 fxe4 30. fxe4 Nf6 31. Rc6 Rxc6 32. dxc6+ Kh8 33. c7 Rc8
34. Be6 b3 35. Bxc8 bxa2 36. Be6 Nxe4 37. c8=Q+ Kh7 38. Bf5+ g6 39. Qd7+ Kh8
40. Rc8# 1-0